Poznatky z loňské expedice školkářských výpěstku

Bibliographic Details
Main Author: Kleiner, Zdeněk (Author)
Format: Article
Language:Czech
Subjects:

MARC

LEADER 00000nab a2200000 a 4500
001 vtls000312292
003 SK-MaSNL
005 20260302215446.0
008 111201c1978 xo 0 cze
015 |a SNBRB19rr/mm-uuuuu 
035 |a CL0002384 
040 |a SNKBUCL  |b slo  |c SNKBUCL  |e AACR2 
041 0 |a cze 
044 |a xo  |c SK 
080 |a 634.1/.7  |2 1981 
080 |a 631.5  |2 1981 
100 1 |a Kleiner, Zdeněk  |4 aut  |9 944052 
245 1 0 |a Poznatky z loňské expedice školkářských výpěstku  |c Zdeněk Kleiner 
650 0 7 |a ovocinárstvo  |2 snkbucl  |9 16370 
650 0 7 |a ovocné stromy  |2 snkbucl  |9 70848 
655 7 |a články z novín a časopisov  |2 snkbucl  |9 267496 
773 0 |t Záhradníctvo  |g Roč. 3, č. 2 (1978), s. 64 
850 |a Slovenská národná knižnica v Martine  |a MTA001 
852 |a SNK  |b KIS3GCP 
958 |a RK 
992 |a RBX 
999 |c 1502421  |d 1504351